Premier League XIs 2018/19 Quiz Stats

 Plays Quiz not verified by Sporcle

Score 0/220 Timer 20:00
17 Plays Today
Club Player % Correct
ArsenalBernd Leno
90.8%
ArsenalAlexandre Lacazette
90.3%
ArsenalPierre-Emerick Aubameyang
89.5%
LiverpoolMohamed Salah
85.5%
LiverpoolSadio Mané
85.1%
ChelseaEden Hazard
84.7%
Manchester UnitedDavid de Gea
83.8%
LiverpoolRoberto Firmino
83.7%
LiverpoolAlisson
83.2%
Manchester CityBernardo Silva
83%
Manchester CitySergio Aguero
82.9%
ChelseaKepa Arrizabalaga
82.6%
LiverpoolVirgil van Dijk
82.6%
LiverpoolTrent Alexander-Arnold
82.4%
Manchester CityEderson
82.1%
Manchester CityDavid Silva
81.8%
LiverpoolAndrew Robertson
81.7%
ArsenalShkodran Mustafi
81.2%
LiverpoolJordan Henderson
81.1%
Manchester UnitedPaul Pogba
80.8%
TottenhamHarry Kane
80.7%
Manchester CityRaheem Sterling
80.5%
Manchester UnitedMarcus Rashford
80.4%
TottenhamSon Heung-min
79.5%
Manchester CityKyle Walker
79.3%
ChelseaDavid Luiz
79.2%
Manchester UnitedRomelu Lukaku
78.9%
TottenhamDele Alli
78.6%
Manchester CityLeroy Sané
78.1%
Manchester CityAymeric Laporte
77.9%
ChelseaN'Golo Kante
77.8%
TottenhamHugo Lloris
77.4%
LiverpoolJames Milner
77.4%
Manchester UnitedChris Smalling
77.1%
BournemouthCallum Wilson
76.1%
LeicesterJamie Vardy
76%
Manchester CityJohn Stones
75.7%
ChelseaWillian
75.5%
ChelseaCesar Azpilicueta
74.5%
Manchester CityFernandinho
74.4%
ChelseaMarcos Alonso
74.1%
ArsenalGranit Xhaka
73.6%
Manchester UnitedAshley Young
73.3%
Crystal PalaceWilfried Zaha
73.2%
Manchester UnitedLuke Shaw
73.2%
ChelseaJorginho
73%
BurnleyJoe Hart \ Tom Heaton
72.8%
EvertonJordan Pickford
72.6%
ArsenalNacho Monreal
72.6%
BournemouthJoshua King
72.1%
LiverpoolFabinho
71.9%
ChelseaPedro
71.7%
TottenhamChristian Eriksen
70.7%
ChelseaAntonio Rudiger
70.5%
TottenhamJan Vertonghen
70.2%
Manchester UnitedAnthony Martial
70%
ArsenalSokratis Papastathopoulos
69.7%
TottenhamKieran Trippier
69%
LiverpoolGeorginio Wijnaldum
69%
ArsenalAlex Iwobi
68.5%
BrightonGlenn Murray
68.2%
BournemouthRyan Fraser
67.8%
NewcastleSalomon Rondon
67.2%
BournemouthAsmir Begovic
66.5%
TottenhamLucas Moura
65.8%
Manchester UnitedVictor Lindelof
65.6%
ArsenalLucas Torreira
65.6%
Manchester UnitedNemanja Matic
65%
LeicesterKasper Schmeichel
64.8%
TottenhamDavinson Sanchez
63.9%
TottenhamToby Alderweireld
63.3%
Manchester UnitedJesse Lingard
62.9%
FulhamAleksandar Mitrovic
62.1%
EvertonRicharlison
62.1%
Club Player % Correct
WatfordTroy Deeney
61.6%
EvertonGylfi Sigurdsson
61.5%
BournemouthNathan Aké
60.1%
EvertonLucas Digne
59.8%
Manchester CityIlkay Gundogan
59.7%
BurnleyAshley Barnes
59.6%
WolvesRaul Jimenez
59.6%
TottenhamMoussa Sissoko
59.4%
BrightonMat Ryan
59.2%
EvertonSeamus Coleman
58.7%
WolvesDiogo Jota
58%
BurnleyChris Wood
57.6%
ArsenalSead Kolasinac
57.3%
ChelseaMateo Kovacic
57.1%
LeicesterHarry Maguire
56.8%
LeicesterJames Maddison
56.4%
NewcastleAyoze Perez
56.1%
ArsenalMatteo Guendouzi
55.8%
WolvesRui Patricio
55.8%
WolvesRuben Neves
55.7%
EvertonMichael Keane
55.5%
WolvesJoao Moutinho
55.5%
BrightonLewis Dunk
55.2%
Crystal PalaceAndros Townsend
54.6%
EvertonAndre Gomes
54.3%
EvertonTheo Walcott
53.9%
BurnleyBen Mee
53.2%
West HamLukasz Fabianski
53.1%
LeicesterWes Morgan
53.1%
BurnleyJames Tarkowski
52.5%
BournemouthSteve Cook
52.3%
West HamMarko Arnautovic
52.2%
WatfordBen Foster
52.1%
BrightonShane Duffy
51.8%
West HamMark Noble
51.6%
LeicesterBen Chilwell
51.5%
EvertonKurt Zouma
51%
Crystal PalaceAaron Wan-Bissaka
50.9%
BournemouthAdam Smith
50.5%
CardiffNeil Etheridge
50.2%
LeicesterDemarai Gray
50.2%
LeicesterRicardo Pereira
49.8%
LeicesterWilfred Ndidi
48.7%
EvertonBernard
48.6%
EvertonIdrissa Gana Gueye
48.2%
HuddersfieldAaron Mooy
47.5%
FulhamRyan Sessegnon
46.2%
West HamFelipe Anderson
45.7%
WolvesMatt Doherty
45.2%
LeicesterNampalys Mendy
44.7%
BournemouthDavid Brooks
44.3%
WolvesConor Coady
43.9%
FulhamAndré Schürrle
43.4%
Crystal PalaceLuka Milivojevic
43.2%
SouthamptonJames Ward-Prowse
42.9%
WatfordRoberto Pereyra
42.8%
BournemouthCharlie Daniels
42.6%
SouthamptonNathan Redmond
42.5%
BournemouthJefferson Lerma
41.9%
WolvesWilly Boly
41.6%
HuddersfieldJonas Lössl
41.4%
LeicesterJonny Evans
41%
FulhamSergio Rico
40.8%
FulhamJean Michael Seri
40.3%
NewcastleMartin Dubravka
40%
BrightonPascal Groß
39.6%
West HamMichail Antonio
39.4%
SouthamptonDanny Ings
38.7%
NewcastleJamaal Lascelles
38.7%
NewcastleMatt Ritchie
38.5%
Crystal PalacePatrick van Aanholt
38.1%
West HamDeclan Rice
38%
CardiffSol Bamba
37.8%
WatfordJose Holebas
37.2%
Club Player % Correct
Crystal PalaceMamadou Sakho
37.2%
WatfordAbdoulaye Doucouré
36.4%
FulhamCalum Chambers
35.6%
Crystal PalaceJames Tomkins
35.4%
NewcastleFabian Schär
35.1%
Crystal PalaceJames McArthur
34.4%
WolvesJonny
34.2%
WatfordGerard Deulofeu
33.3%
WatfordEtienne Capoue
33.2%
SouthamptonRyan Bertrand
33.1%
West HamPablo Zabaleta
32.4%
SouthamptonAlex McCarthy
31.2%
HuddersfieldSteve Mounié
30.8%
Crystal PalaceVicente Guaita
30.2%
WatfordWill Hughes
30.1%
WolvesRyan Bennett
30.1%
CardiffJoe Bennett
30%
West HamIssa Diop
29.8%
NewcastleDeAndre Yedlin
29.7%
FulhamTom Cairney
29.4%
BrightonDale Stephens
29.2%
SouthamptonJack Stephens
29.2%
BurnleyJack Cork
28.9%
BrightonGaetan Bong
28.7%
CardiffHarry Arter
28.5%
BournemouthDan Gosling
28.4%
BurnleyCharlie Taylor
27%
BurnleyMatthew Lowton
26.3%
BurnleyJeff Hendrick
26.1%
BurnleyJohann Berg Gudmundsson
25.9%
CardiffSean Morrison
25.7%
SouthamptonPierre-Emile Hojbjerg
24.8%
WatfordCraig Cathcart
24.8%
CardiffJosh Murphy
24.8%
BrightonSolly March
24.3%
WolvesLeander Dendoncker
23.9%
BurnleyAshley Westwood
23.2%
CardiffVictor Camarasa
23.2%
SouthamptonOriol Romeu
22.8%
NewcastlePaul Dummett
22.7%
West HamFabian Balbuena
22.2%
BrightonDavy Pröpper
22.1%
HuddersfieldChristopher Schindler
21.6%
CardiffAron Gunnarsson
20.9%
FulhamDenis Odoi
20.8%
West HamAngelo Ogbonna
20.7%
Crystal PalaceCheikhou Kouyaté
20.5%
SouthamptonJannik Vestergaard
20.4%
HuddersfieldMathias Jorgensen
20.2%
BrightonMarvin Montoya
20%
CardiffJunior Hoilett
19.7%
SouthamptonYan Valery
19.7%
BrightonBernardo
19.3%
CardiffBruno Ecuele Manga
19.2%
NewcastleMohamed Diamé
19.1%
Crystal PalaceJeffrey Schlupp
18.2%
HuddersfieldAlex Pritchard
18.1%
FulhamTim Ream
18%
NewcastleIsaac Hayden
17.7%
HuddersfieldPhilip Billing
17.5%
WatfordAdrian Mariappa
16.9%
FulhamMaxime Le Marchand
16.8%
FulhamJoe Bryan
16.1%
HuddersfieldJonathan Hogg
15.9%
West HamRobert Snodgrass
15.8%
HuddersfieldTerence Kongolo
15.5%
SouthamptonJan Bednarek
15.1%
WatfordKiko Femenia
13.5%
NewcastleFederico Fernandez
12.8%
HuddersfieldErik Durm
11.7%
CardiffJoe Ralls
11.7%
HuddersfieldChristopher Löwe
11.3%

You're not logged in!

Compare scores with friends on all Sporcle quizzes.
OR
Log In

Show Comments

Extras

Top Quizzes Today


Score Distribution

Your Account Isn't Verified!

In order to create a playlist on Sporcle, you need to verify the email address you used during registration. Go to your Sporcle Settings to finish the process.

Report this User

Report this user for behavior that violates our Community Guidelines.

Details: